00381nam a22001337a 4500008004100000040005500041080001400096100002100110245002400131260005200155300000900207650001500216653001600231230322b |||||||| |||| 00| 0 eng d aNational Science LibrarycNational Science Library a658.3bN8 aJohnson, Spencer aWho moved my cheese aNew Delhi: bRandom House Group Company, c1998 a96p. aManagement aInformation